000 02191nam0a2200349 4500
001 RU\NLR\bibl\1767818
005 20260409063659.0
021 _aRU
_b2011-28956
_92057
035 _a(NLR Aleph) 001758607
090 _a1564110
_c1564110
100 _a20110511d2011 |||y0rusy50 ca
101 0 _arus
102 _aRU
105 _ac |||||||||
200 1 _aНалоговый кодекс Российской Федерации, часть вторая: Федеральные налоги, специальные налоговые режимы, региональные налоги и сборы, местные налоги. Все разделы в новой редакции, действующей с 1 апреля 2011 года
_fввод. науч.-практ. коммент. к НК РФ юриста Ю.М. Лермонтова
_gпредисл. д.э.н., проф. Ю.В. Васильева
210 _aМосква
_cБиблиотечка "Российской газеты"
_d2011
215 _a255 с.
_cпортр.
_d20
225 1 _aКодексы Российской Федерации
_fпод общ. ред. к.ист.н., засл. работника РФ А.Т. Гаврилова
_vВып. 3
309 _aНа тит. л.: 3
517 0 _aФедеральные налоги, специальные налоговые режимы, региональные налоги и сборы, местные налоги
604 _171001$aРоссийская Федерация
_1500##$3RU\NLR\AUTH\661258879$aНалоговый кодекс$2nlr_sh2
_aРоссийская Федерация
_tНалоговый кодекс
_92082842
_3RU\NLR\AUTH\661258879
686 1 _aХ622.2-324.9(2Р)
702 1 _4070
_7ca
_8rus
_aЛермонтов
_bЮ. М.
_gЮрий Михайлович
_9144740
_3RU\NLR\AUTH\770144776
740 1 _aРоссийская Федерация
_tЗаконы
_iНалоговый кодекс
_3RU\NLR\AUTH\880379485
_9425359
801 0 _aRU
_bNLR
_c20110511
_gRCR
801 1 _aRU
_bNLR
_c20110511
830 _aКоммент. по ЭК.
942 _cBOOK
980 _aNB
980 _aNBR